000 00291nam a22001337a 4500
008 181217b xxu||||| |||| 00| 0 eng d
020 _a9780803618565
041 _aeng
080 _25th
_a610.73
100 _a2
101 _aINF
245 _aNursing Now!
_cCatalano,J.T
942 _2udc
_cBK
999 _c53166
_d53166